000
00311nam a22001337a 4500
008
181020b xxu||||| |||| 00| 0 eng d
020
_a
10184
041
_a
eng
080
_a
610
100
_a
4
101
_a
SHM
245
_a
Congenital Dysplasia and Dislocation of the Hip
_c
Coleman, Sh.S
942
_2
udc
_c
BK
999
_c
50316
_d
50316